000 00471nam a2200169Ia 4500
999 _c12791
_d12791
003 OSt
005 20201015131018.0
008 190216s9999||||xx |||||||||||||| ||und||
040 _coclc
082 _a823.914
_bLEA/M
100 _aLeasor, James
_95132
245 0 _aMandarin Gold /
_cJames Leasor
260 _bPan Books London,
_c1968.
_aLondon:
300 _a286p
650 _aEnglish Novel
942 _cBK
_2ddc
_h823.914
_iLEA/M
_k823.914
_mLEA/M